<?xml version="1.0" encoding="UTF-8"?>
<record
    xmlns:xsi="http://www.w3.org/2001/XMLSchema-instance"
    xsi:schemaLocation="http://www.loc.gov/MARC21/slim http://www.loc.gov/standards/marcxml/schema/MARC21slim.xsd"
    xmlns="http://www.loc.gov/MARC21/slim">

  <leader>00770nam a22001577a 4500</leader>
  <controlfield tag="003">OSt</controlfield>
  <controlfield tag="005">20150918110054.0</controlfield>
  <controlfield tag="008">150918b        xxu||||| |||| 00| 0 eng d</controlfield>
  <datafield tag="040" ind1=" " ind2=" ">
    <subfield code="c">RUA</subfield>
  </datafield>
  <datafield tag="082" ind1=" " ind2=" ">
    <subfield code="a">AGR HAN 2005 B031 Or.1</subfield>
  </datafield>
  <datafield tag="100" ind1=" " ind2=" ">
    <subfield code="9">744</subfield>
    <subfield code="a">HANG, RETHYVONG.</subfield>
  </datafield>
  <datafield tag="245" ind1=" " ind2=" ">
    <subfield code="a">Effect of nitrogen rate on yield of senpidao varieties of experimental station in royal university of agriculture &#x17A5;&#x1791;&#x17D2;&#x1792;&#x17B7;&#x1796;&#x179B;&#x1780;&#x17C6;&#x179A;&#x17B7;&#x178F;&#x1787;&#x17B8;&#x17A2;&#x17B6;&#x179F;&#x17BC;&#x178F;&#x1791;&#x17C5;&#x179B;&#x17BE;&#x1791;&#x17B7;&#x1793;&#x17D2;&#x1793;&#x1795;&#x179B;&#x1796;&#x17BC;&#x1787;&#x179F;&#x17D2;&#x179A;&#x17BC;&#x179C;&#x179F;&#x17C2;&#x1793;&#x1796;&#x17B7;&#x178A;&#x17C4;&#x179A; &#x1793;&#x17C5;&#x179F;&#x17D2;&#x1790;&#x17B6;&#x1793;&#x17B8;&#x1799;&#x17CD;&#x1796;&#x17B7;&#x179F;&#x17C4;&#x1792;&#x1793;&#x17CD;&#x178A;&#x17C6;&#x178E;&#x17B6;&#x17C6;&#x1793;&#x17C3;&#x179F;&#x17B6;&#x1780;&#x179B;&#x179C;&#x17B7;&#x1791;&#x17D2;&#x1799;&#x17B6;&#x179B;&#x17D0;&#x1799;&#x1797;&#x17BC;&#x1798;&#x17B7;&#x1793;&#x17D2;&#x1791;&#x1780;&#x179F;&#x17B7;&#x1780;&#x1798;&#x17D2;&#x1798;</subfield>
  </datafield>
  <datafield tag="260" ind1=" " ind2=" ">
    <subfield code="a">Phnom Penh</subfield>
    <subfield code="b">RUA</subfield>
    <subfield code="c">2005</subfield>
  </datafield>
  <datafield tag="300" ind1=" " ind2=" ">
    <subfield code="a">xi; 49p.</subfield>
    <subfield code="b">ill.</subfield>
    <subfield code="c">29cm.</subfield>
  </datafield>
  <datafield tag="942" ind1=" " ind2=" ">
    <subfield code="2">ddc</subfield>
    <subfield code="c">AGR</subfield>
  </datafield>
  <datafield tag="999" ind1=" " ind2=" ">
    <subfield code="c">714</subfield>
    <subfield code="d">714</subfield>
  </datafield>
  <datafield tag="952" ind1=" " ind2=" ">
    <subfield code="0">0</subfield>
    <subfield code="1">0</subfield>
    <subfield code="2">ddc</subfield>
    <subfield code="4">0</subfield>
    <subfield code="6">AGR_HAN_2005_000000000000000_B031_OR_1</subfield>
    <subfield code="7">0</subfield>
    <subfield code="9">3000</subfield>
    <subfield code="a">LBB</subfield>
    <subfield code="b">LBB</subfield>
    <subfield code="c">B031</subfield>
    <subfield code="d">2015-09-18</subfield>
    <subfield code="l">2</subfield>
    <subfield code="o">AGR HAN 2005 B031 Or.1</subfield>
    <subfield code="p">RUA001220</subfield>
    <subfield code="r">2025-03-28</subfield>
    <subfield code="s">2025-03-19</subfield>
    <subfield code="w">2015-09-18</subfield>
    <subfield code="y">AGR</subfield>
  </datafield>
  <datafield tag="952" ind1=" " ind2=" ">
    <subfield code="0">0</subfield>
    <subfield code="1">0</subfield>
    <subfield code="2">ddc</subfield>
    <subfield code="4">0</subfield>
    <subfield code="6">AGR_HAN_2005_000000000000000_B031_OR_2</subfield>
    <subfield code="7">0</subfield>
    <subfield code="9">3001</subfield>
    <subfield code="a">LBB</subfield>
    <subfield code="b">LBB</subfield>
    <subfield code="c">B031</subfield>
    <subfield code="d">2015-09-18</subfield>
    <subfield code="o">AGR HAN 2005 B031 Or.2</subfield>
    <subfield code="p">RUA001141</subfield>
    <subfield code="r">2015-09-18</subfield>
    <subfield code="w">2015-09-18</subfield>
    <subfield code="y">AGR</subfield>
  </datafield>
  <datafield tag="952" ind1=" " ind2=" ">
    <subfield code="0">0</subfield>
    <subfield code="1">0</subfield>
    <subfield code="2">ddc</subfield>
    <subfield code="4">0</subfield>
    <subfield code="6">AGR_HAN_2005_000000000000000_B031_OR_3</subfield>
    <subfield code="7">0</subfield>
    <subfield code="9">3002</subfield>
    <subfield code="a">LBB</subfield>
    <subfield code="b">LBB</subfield>
    <subfield code="c">B031</subfield>
    <subfield code="d">2015-09-18</subfield>
    <subfield code="l">1</subfield>
    <subfield code="o">AGR HAN 2005 B031 Or.3</subfield>
    <subfield code="p">RUA001213</subfield>
    <subfield code="r">2018-12-28</subfield>
    <subfield code="s">2018-12-19</subfield>
    <subfield code="w">2015-09-18</subfield>
    <subfield code="y">AGR</subfield>
  </datafield>
  <datafield tag="952" ind1=" " ind2=" ">
    <subfield code="0">0</subfield>
    <subfield code="1">0</subfield>
    <subfield code="2">ddc</subfield>
    <subfield code="4">0</subfield>
    <subfield code="6">AGR_HAN_2005_000000000000000_B031_OR_4</subfield>
    <subfield code="7">0</subfield>
    <subfield code="9">13716</subfield>
    <subfield code="a">LBB</subfield>
    <subfield code="b">LBB</subfield>
    <subfield code="d">2015-10-28</subfield>
    <subfield code="l">7</subfield>
    <subfield code="o">AGR HAN 2005 B031 Or.4</subfield>
    <subfield code="p">RUA012602</subfield>
    <subfield code="r">2018-12-14</subfield>
    <subfield code="s">2018-12-12</subfield>
    <subfield code="w">2015-10-28</subfield>
    <subfield code="y">AGR</subfield>
  </datafield>
</record>
